Music Quiz

Random Music or Billboard Quiz

Billboard #1 Singles (1974) Quiz Stats

 Plays Quiz not verified by Sporcle

Score 0/35 Timer 04:00
0 Plays Today
Artist Song % Correct
Terry JacksSeasons in the Sun
87.2%
Steve Miller BandThe Joker
74.4%
Jim CroceTime in a Bottle
71.8%
Ray StevensThe Streak
71.8%
Blue SwedeHooked on a Feeling
69.2%
The Hues CorporationRock the Boat
69.2%
Paper LaceThe Night Chicago Died
69.2%
Eric ClaptonI Shot the Sheriff
66.7%
Bo Donaldson and The HeywoodsBilly Don't Be a Hero
64.1%
Carl DouglasKung Fu Fighting
64.1%
Ringo StarrYou're Sixteen
61.5%
Gordon LightfootSundown
59%
John DenverAnnie's Song
59%
Barbra StreisandThe Way We Were
56.4%
Harry ChapinCat's in the Cradle
56.4%
Paul McCartney & WingsBand on the Run
53.8%
CherDark Lady
51.3%
MFSB and The Three DegreesTSOP (The Sound of Philadelphia)
51.3%
Artist Song % Correct
Love Unlimited OrchestraLove's Theme
48.7%
Grand FunkThe Loco-Motion
48.7%
Bachman-Turner OverdriveYou Ain't Seen Nothin' Yet
46.2%
Billy SwanI Can Help
46.2%
Al WilsonShow and Tell
41%
George McRaeRock Your Baby
41%
John DenverSunshine on My Shoulders
38.5%
Andy KimRock Me Gently
38.5%
Olivia Newton-JohnI Honestly Love You
38.5%
Elton JohnBennie and the Jets
33.3%
Billy PrestonNothing From Nothing
30.8%
John LennonWhatever Gets You thru the Night
23.1%
Roberta FlackFeel Like Makin' Love
20.5%
Barry WhiteCan't Get Enough of Your Love, Babe
17.9%
Stevie WonderYou Haven't Done Nothin'
15.4%
Paul Anka and Odia Coates(You're) Having My Baby
7.7%
Helen ReddyAngie's Baby
0%

You're not logged in!

Compare scores with friends on all Sporcle quizzes.
OR
Log In

Sporcle TV

Today on Sporcle TV


Watch our educational content, quiz creation guides, and fun videos on Sporcle TV.

Show Comments

Extras

Created Sep 5, 2017ReportNominate
Tags:Billboard Quiz, 1970s

Top Quizzes Today


Score Distribution

Your Account Isn't Verified!

In order to create a playlist on Sporcle, you need to verify the email address you used during registration. Go to your Sporcle Settings to finish the process.

Report this User

Report this user for behavior that violates our Community Guidelines.

Details: